عرض عادي عرض مارك
  • Ramrakha, Punit S.

مدخل إسم شخص

عدد التسجيلات المستخدمة في: 2

001 - رقم الضبط

  • حقل الضبط: 17657

003 - معرف رقم الضبط

  • حقل الضبط: OSt

005 - تاريخ ووقت أخر عملية

  • حقل الضبط: 20121023150039.0

008 - عناصر بيانات ثابتة الطول

  • حقل تحكم ثابت الطول: 121023|||a|||||| | ||| d

040 ## - مصدر الفهرسة

  • هيئة الفهرسة الأصلية: OSt
  • وكالة الكتابة: OSt

100 ## - مدخل -- أسم شخص

  • إسم شخص: Ramrakha, Punit S.

670 ## - بيانات المصدر موجوده

  • الاستشهاد بالمصدر: Work cat.: (OSt)0: Ramrakha, Punit S., Oxford handbook of acute medicine /, 2010.